Career Path - Liverpool Edition - Statistics

General Stats
  • This quiz has been taken 47 times
  • The average score is 14 of 20
Answer Stats
Hint Answer % Correct
2008–2013 Inter Milan 2008–2010 → Vasco da Gama (loan) 2012 → Espanyol (loan) 2013–2018 Liverpool 2018–2022 Barcelona 2019–2020 → Bayern Munich (loan) 2022 → Aston Villa (loan) 2022–2025 Aston Villa 2023–2024 → Al-Duhail (loan) 2024–2025 → Vasco da Gama (loan) 2025– Vasco da Gama Philippe Coutinho
88%
2011–2013 Bayern Munich II 2012–2013 Bayern Munich 2013–2014 Bayer Leverkusen 2014–2018 Liverpool 2018–2020 Juventus 2020 → Borussia Dortmund (loan) 2020– Borussia Dortmund Emre Can
86%
2007–2011 Feyenoord 2011–2015 PSV 2015–2016 Newcastle United 2016–2021 Liverpool 2021–2023 Paris Saint-Germain 2022–2023 → Roma (loan) 2023– Al-Ettifaq Georginio Wijnaldum
86%
2019–2021 Reims B 2020–2023 Reims 2021 → Vejle Boldklub (loan) 2022–2023 → Paris Saint-Germain (loan) 2023–2024 Paris Saint-Germain 2024 → Eintracht Frankfurt (loan) 2024–2025 Eintracht Frankfurt 2025– Liverpool Hugo Ekitike
83%
1996–2013 Liverpool Jamie Carragher
81%
2012–2015 Cerezo Osaka 2015–2020 Red Bull Salzburg 2020–2022 Liverpool 2021 → Southampton (loan) 2022– Monaco Takumi Minamino
79%
2008–2011 Barcelona B 2009–2013 Barcelona 2013–2020 Bayern Munich 2020–2024 Liverpool Thiago Alcantara
79%
2009–2011 Schalke 04 II 2009–2016 Schalke 04 2016–2024 Liverpool Joel Matip
76%
2023–2025 Liverpool2023 → Bristol Rovers (loan) 2025– Bayer Leverkusen Jarell Quansah
74%
2015–2020 Olympiacos 2017 → Esbjerg (loan) 2017–2018 → Willem II (loan) 2020– Liverpool 2025– → Roma (loan) Kostas Tsimikas
74%
2012–2013 Lille II 2012–2014 Lille 2014–2022 Liverpool 2014–2015 → Lille (loan) 2017–2018 → VfL Wolfsburg (loan) 2022– AC Milan 2023–2024 → Nottingham Forest (loan) 2024– Milan Futuro Divock Origi
71%
2016–2017 Sochaux II 2017 Sochaux 2017–2021 RB Leipzig 2021– Liverpool Ibrahima Konate
71%
2015–2018 Grêmio 2018–2020 Barcelona 2020– Juventus 2022–2023 → Liverpool (loan) 2023–2024 → Fiorentina (loan) 2025 → Girona (loan) 2025– → Grêmio (loan) Arthur Melo
69%
1999 Barcelona C 1999–2000 Barcelona B 2000–2002 Barcelona 2002–2005 Villarreal 2005–2014 Liverpool 2013–2014 → Napoli (loan) 2014–2015 Bayern Munich 2015–2018 Napoli 2018–2020 AC Milan 2020 → Aston Villa (loan) 2020–2022 Lazio 2022–2024 Villarreal 2024–2025 Como Pepe Reina
67%
2003–2005 River Plate 2005–2006 Corinthians 2006–2007 West Ham United 2007–2010 Liverpool 2010–2018 Barcelona 2018–2019 Hebei China Fortune 2019–2020 Estudiantes Javier Mascherano
64%
2006–2009 Celta B 2008–2013 Celta 2013–2015 Liverpool 2014–2015 → Sevilla (loan) 2015– Celta Iago Aspas
62%
2007–2013 Paris Saint-Germain 2013–2017 Liverpool 2017 → Crystal Palace (loan) 2017–2021 Crystal Palace 2021–2023 Montpellier 2024–2025 Torpedo Kutaisi Mamadou Sakho
62%
1996–1998 Aalesund 1998–1999 Monaco 2 1998–2001 Monaco 2001–2008 Liverpool 2008–2011 Roma 2011–2014 Fulham 2014–2015 APOEL 2015–2016 Delhi Dynamos 2016 Aalesund 2016–2017 Chennaiyin 2017 Rollon 2023 Avaldsnes John Arne Riise
60%
1978–1980 Chester 1980–1986 Liverpool 1986–1988 Juventus 1986–1987 → Liverpool (loan) 1988–1996 Liverpool 1996–1997 Leeds United 1997–1998 Newcastle United 1998 → Sheffield United (loan) 1998–1999 Wrexham 1999–2000 Sydney Olympic Ian Rush
55%
2007–2010 Crystal Palace 2010–2012 Wigan Athletic 2012–2021 Chelsea 2013–2014 → Liverpool (loan) 2014–2015 → Stoke City (loan) 2015–2016 → West Ham United (loan) 2019–2020 → Fenerbahçe (loan) 2020 → Inter Milan (loan) 2020–2021 → Spartak Moscow (loan) 2021–2024 Spartak Moscow 2024–2025 Luton Town Victor Moses
55%
No matching quizzes found
Score Distribution
Percent of People with Each Score
Percentile by Number Answered
Your Score History
You have not taken this quiz